000 00861nam0a2200277 4500
001 RU\NLR\bibl\1714039
005 20250806203404.0
035 _a(NLR Aleph) 001705053
090 _a54789
_c54789
100 _a20101214d1943 u y0rusy50 ca
101 0 _arus
102 _aRU
105 _ay |||||||||
200 1 _aАндаляльцы
_e(рассказ)
_fМ. Хуршилов
210 _aМахачкала
_cДаггосиздат
_d1943
215 _a38, [2] с.
_d17
316 _aС автогр. авт.
_5NLR
686 _aШ6(241Д)-4{Лх-даг.260-45}
700 1 _aХуршилов
_bМ.
_f1905-1958
_gМагомед
_4070
801 0 _aRU
_bNLR
_c20101214
_gRCR
801 1 _aRU
_bNLR
_c20101214
942 _cBOOK
945 _aРоссийская национальная библиотека
980 _aNB
980 _aBV